Good King Wenceslas - Statistics

General Stats
  • This quiz has been taken 7 times
  • The average score is 6 of 10
Answer Stats
Hint Answer % Correct
Good King Wenceslas looked out On the Feast of _______ When the snow lay round about Deep and crisp and even Stephen
100%
Brightly shone the moon that night Though the frost was cruel When a poor man came in sight Gathering ______fuel winter
100%
Sire, he lives a good _____ hence,
Underneath the mountain
Right against the forest fence
By Saint Agnes fountain.
league
86%
Mark my footsteps, good my page Tread thou in them _____
Thou shall find the winters rage
Freeze thy blood less coldly.
boldly
71%
Hither, page, and stand by me,
If thou knowst it, telling
_____ _____, who is he?
Where and what his dwelling?
yonder peasant
71%
Bring me ____ and bring me wine Bring me pine logs hither Thou and I shall see him dine When we bear them thither. flesh
57%
Page and monarch, forth they went
Forth they went together
Through the rude winds wild lament
And the _____ weather
bitter
43%
Therefore, Christian men, be sure Wealth or ____ possessing Ye, who now will bless the poor Shall yourselves find blessing. rank
43%
In his masters step he trod Where the snow lay dinted Heat was in the very ___ Which the Saint had printed sod
43%
Sire, the night is darker now
And the wind blows stronger
____ my heart, I know not how
I can go no longer.
fails
0%
No matching quizzes found
Score Distribution
Percent of People with Each Score
Percentile by Number Answered
Your Score History
You have not taken this quiz